Miasta z największą liczbą ludności we Francji - Statystyki

Ogólne statystyki
  • Ten quiz został rozwiązany 139 razy
  • Średni wynik to 7 z 10
Statystyki odpowiedzi
Miejsce Miasto Ludność % Poprawnych
1 Paryż 2 138 551
100%
3 Lyon 472 317
93%
2 Marsylia 794 811
93%
9 Bordeaux 231 844
73%
5 Nicea 338 620
73%
10 Lille 228 328
68%
4 Tuluza 433 055
68%
7 Strasburg 274 845
67%
6 Nantes 277 269
61%
8 Montpellier 248 252
46%
Nie znaleziono quizów pasujących do podanych kryteriów
Rozkład punktacji
Procent ludzi z każdym wynikiem
Percentyl według liczby udzielonych odpowiedzi
Twoja historia wyników
Nie rozwiązałeś tego quizu